000 00460nam a2200193 a 4500
001 1761540178689
003 ACL
005 20251027101421.0
008 251027s1997##################000#0#eng##
020 _a9781861970206
082 0 4 _a658.848
_bECO
100 1 _aHindle, Tim,
_eauthor.
245 1 0 _aPocket Marketing :
260 _bEconomist Books,
_c1997.
300 _a192 pages
650 0 _aMarketing.
942 _cENGLISH
040 _aACL
_beng
_cACL
999 _c594206
_d594206